Weathers by Emojis - Statistics

General Stats
  • This quiz has been taken 121 times
  • The average score is 8 of 10
Answer Stats
Emojis Answer % Correct
🌧️ Rainy
99%
☀️ Sunny
99%
🌨️ Snowy
93%
🌩️ Lightning and Thunder
90%
🌈 Rainbow
90%
🌪️ Tornado
88%
💨 Windy
83%
🌊 Tsunami
68%
🌫️ Foggy
64%
☄️ Meteor Shower
51%
No matching quizzes found
Score Distribution
Percent of People with Each Score
Percentile by Number Answered
Your Score History
You have not taken this quiz